Možnosti zvyšovania klíčivosti osiva pomocou mikroelementov a stimulátorov rastu

Bibliographic Details
Main Author: Kaplárová, Andrea (Author)
Format: Article
Language:Slovak
Subjects:

MARC

LEADER 00000nab a2200000 a 4500
001 vtls000218722
003 SK-MaSNL
005 20260305020114.0
008 111202c1984 xo 0 slo
015 |a SNBRA19rr/mm-uuuuu 
035 |a CL0228836 
040 |a SNKBUCL  |b slo  |c SNKBUCL  |e AACR2 
041 0 |a slo 
044 |a xo  |c SK 
080 |a 631.547.1  |2 1981 
080 |a 631.81.095.337  |2 1981 
080 |a 631.811.98  |2 1981 
080 |a 631.53.02  |2 1981 
100 1 |a Kaplárová, Andrea  |4 aut  |9 1318193 
245 1 0 |a Možnosti zvyšovania klíčivosti osiva pomocou mikroelementov a stimulátorov rastu  |c Andrea Kaplárová 
650 0 7 |a osivo  |2 snkbucl  |9 18230 
650 0 7 |a stopové prvky  |2 snkbucl  |9 29124 
650 0 7 |a stimulátory rastové  |2 snkbucl  |9 934091 
655 7 |a články zo zborníkov  |2 snkbucl  |9 166140 
773 0 |t Zborník z celoštátnej a fakultnej konferencie mladých vedeckovýskumných pracovníkov v odbore rastlinnej a živočíšnej výroby konanej v Nitre v októbri 1984  |d Nitra : ES VŠP, 1984 
850 |a Slovenská národná knižnica v Martine  |a MTA001 
852 |a SNK  |b KIS3GCP 
958 |a RK 
992 |a RZB 
999 |c 3278821  |d 3280751